000 00256nam a2200109Ia 4500
005 20251222141948.0
008 251222s9999||||xx |||||||||||||| ||spa||
020 _a84-8055-255-7
082 _aREF.380.1/C95
245 0 _aDiccionario de marketing
942 _cLIB
999 _c9594
_d9594